Jak zjistit skutečnou hodnotu v public relations : [návod pro určení měřitelných komunikačních cílů]

Saved in:
Bibliographic Details
Main Author Fairchaild, Michael (Author)
Other Authors Škapová, Hana (Translator)
Format Book
LanguageCzech
Published Praha : Asociace Public Realtions Agentur, c1999
Subjects
Physical Description49 s.

Cover

LEADER 00000nam a22000007a 4500
001 6630
003 CZ-ZlUTB
005 20190825232109.0
008 030721s1999 xr |||||r|||||||||||cze|d
040 |a ZLD002  |b cze  |c ZLD002 
041 1 |a cze 
072 7 |a 659  |x Reklama. Public relations. Média  |2 Konspekt  |9 4 
080 |a 659.44  |2 v 
100 1 |a Fairchaild, Michael  |7 xx0046804  |4 aut 
245 1 0 |a Jak zjistit skutečnou hodnotu v public relations :  |b [návod pro určení měřitelných komunikačních cílů] /  |c sestavil a napsal Michael Fairchaild ; [z anglického originálu ... přeložila Hana Škapová] 
260 |a Praha :  |b Asociace Public Realtions Agentur,  |c c1999 
300 |a 49 s. 
650 0 4 |a PUBLIC RELATIONS 
700 1 |a Škapová, Hana  |7 jn20001103597  |4 trl 
765 0 |t How to get real value from public relations 
910 |a ZLD002 
952 |0 0  |1 0  |4 0  |6 659FAIRCHAILDM  |7 0  |8 BOOK  |9 11042  |a UTBZL  |b UTBZL  |c 006  |d 2006-07-29  |l 18  |m 2  |o 659/FAIRCHAILD,M.  |p 420010080027  |r 2020-05-15 00:00:00  |s 2020-01-11  |v 40.00  |w 2019-08-25  |x N:dar | 20100831  |y 04 
952 |0 0  |1 0  |4 0  |6 659FAIRCHAILDM  |7 0  |8 BOOK  |9 11043  |a UTBZL  |b UTBZL  |c 030  |d 2006-07-29  |l 5  |o 659/FAIRCHAILD,M.  |p 420010080023  |r 2019-08-25 00:00:00  |v 40.00  |w 2019-08-25  |x N:dar | 20100831  |y 05 
952 |0 0  |1 0  |4 0  |6 659FAIRCHAILDM  |7 0  |8 BOOK  |9 11045  |a UTBZL  |b UTBZL  |c 030  |d 2006-07-29  |l 3  |o 659/FAIRCHAILD,M.  |p 420010080025  |r 2019-08-25 00:00:00  |v 40.00  |w 2019-08-25  |x N:dar | 20100831  |y 05 
992 |a BK  |d 31 
999 |c 6630  |d 6630